Worlds Biggest Navies - Statistics

General Stats
  • This quiz has been taken 3,700 times
    889 since last reset
  • The average score is 17 of 22
Answer Stats
Rank Country # of Total Personnel # of Ships Carriers/Aircraft # % Correct
1. United States 425,000 480 20/ 3,700
100%
2. China 255,000 492 1/ 792
99%
3. Russia 148,000 332 1/ 480
98%
15. France 45,000 180 4/ 210
96%
17. UK 44,000 74 2/ 174
96%
12. Japan 51,000 154 4/ 336
94%
6. India 78,000 201 1/ 212
93%
18. Italy 40,000 184 3/ 70
88%
5. South Korea 82,000 170 1/ 70
88%
7. Brazil 75,000 100 1/ 81
87%
8. Indonesia 74,000 152 0/ 55
81%
9. Mexico 68,000 140 0/ 155
78%
10. North Korea 60,000 1,031 0/ N/A
77%
14. Turkey 49,000 182 0/ 51
75%
21. Egypt 33,000 84 0/ 250
70%
4. Thailand 90,000 270 1/ 70
69%
11. Saudi Arabia 60,000 320 0/ 60
67%
13. Vietnam 50,000 113 0/ 30
63%
22. Greece 31,000 100 0/ 26
59%
16. Taiwan 45,000 117 0/ 38
59%
19. Philippines 39,000 83 0/ 30
50%
20. Colombia 36,000 66 0/ 35
38%
No matching quizzes found
Score Distribution
Percent of People with Each Score
Percentile by Number Answered
Your Score History
You have not taken this quiz since the last reset